书目信息 |
| 题名: |
周恩来永远的榜样
|
|
| 作者: | 李洪峰 著 | |
| 分册: | ||
| 出版信息: | 北京 人民出版社 2018 |
|
| 页数: | 277页, 12页图版 | |
| 开本: | 25cm | |
| 丛书名: | ||
| 单 册: | ||
| 中图分类: | K827 , K827=73 | |
| 科图分类: | ||
| 主题词: | 政治家--zheng zhi jia--生平事迹--中国--现代 | |
| 电子资源: | ||
| ISBN: | 978-7-01-018842-3 | |
| 000 | 00884cam0 2200277 450 | |
| 001 | 012001011164 | |
| 005 | 20131017130620.0 | |
| 010 | @a978-7-01-018842-3@dCNY68.00 | |
| 099 | @aCAL 012018051840 | |
| 100 | @a20180402d2018 em y0chiy50 ea | |
| 101 | 0 | @achi |
| 102 | @aCN@b110000 | |
| 105 | @aaf a 000yd | |
| 106 | @ar | |
| 200 | 1 | @a周恩来永远的榜样@AZhou En Lai Yong Yuan De Bang Yang@f李洪峰著 |
| 210 | @a北京@c人民出版社@d2018 | |
| 215 | @a277页, 12页图版@c图@d25cm | |
| 320 | @a有书目 (第273-277页) | |
| 330 | @a本书从工作、社会各个角度,用各种生动的事例,再现了周恩来总理光辉伟大的人格。 | |
| 600 | 0 | @a周恩来,@AZhou En Lai@f1898-1976@x生平事迹 |
| 606 | 0 | @a政治家@Azheng zhi jia@x生平事迹@y中国@z现代 |
| 690 | @aK827@v5 | |
| 690 | @aK827=73@v5 | |
| 701 | 0 | @a李洪峰@ALi Hong Feng@4著 |
| 801 | 2 | @aCN@b上海新华@c20191020 |
| 905 | @b1182771-4@dK827@e996@f4 | |
| 周恩来永远的榜样/李洪峰著.-北京:人民出版社,2018 |
| 277页, 12页图版:图;25cm |
| ISBN 978-7-01-018842-3:CNY68.00 |
| 本书从工作、社会各个角度,用各种生动的事例,再现了周恩来总理光辉伟大的人格。 |
| ● |
| 相关链接 |
|
|
|
|
正题名:周恩来永远的榜样
索取号:K827/996
 
预约/预借
| 序号 | 登录号 | 条形码 | 馆藏地/架位号 | 状态 | 备注 |
| 1 | 1182771 | 211827718 | 第二样本阅览室/ [索取号:K827/996] | 在馆 | |
| 2 | 1182772 | 211827727 | 第二借阅区/ [索取号:K827/996] | 在馆 | |
| 3 | 1182773 | 211827736 | 第二借阅区/ [索取号:K827/996] | 在馆 | |
| 4 | 1182774 | 211827745 | 第二借阅区/ [索取号:K827/996] | 在馆 |